| 000 | 00532nam a2200169Ia 4500 | ||
|---|---|---|---|
| 999 |
_c36022 _d36022 |
||
| 003 | OSt | ||
| 005 | 20201216122143.0 | ||
| 008 | 190216s9999||||xx |||||||||||||| ||und|| | ||
| 040 | _coclc | ||
| 082 |
_a363.90954 _bAGA/I |
||
| 100 |
_aAgarwala, S N _97585 |
||
| 245 | 0 |
_aIndia`s Population Problems / _cS N Agarwala |
|
| 260 |
_bTata Mcgraw Hill Publishing Company Ltd, _c1972. _aNew Delhi: |
||
| 300 | _a231p | ||
| 650 | _aIndia`S Population Problems | ||
| 942 |
_cREF _2ddc _h363.90954 _iAGA/I _k363.90954 _mAGA/I |
||